| Tag |
First Indicator |
Second Indicator |
Subfields |
| LEADER |
00000pam a22000004a 4500 |
| 001 |
in00001706749 |
| 005 |
20151024163907.0 |
| 008 |
020501s2003 maua b 001 0 eng |
| 010 |
|
|
|a 2002071109
|
| 020 |
|
|
|a 0205318436
|
| 035 |
|
|
|a (OCoLC)ocm49773794
|
| 040 |
|
|
|a DLC
|c DLC
|d TXA
|d UtOrBLW
|
| 042 |
|
|
|a pcc
|
| 043 |
|
|
|a n-us---
|
| 049 |
|
|
|a TXAM
|
| 050 |
0 |
0 |
|a JK2281
|b .P684 2003
|
| 082 |
0 |
0 |
|a 324.7/0973
|2 21
|
| 100 |
1 |
|
|a Powell, Larry,
|d 1948-
|
| 245 |
1 |
0 |
|a Political campaign communication :
|b inside and out /
|c Larry Powell, Joseph Cowart.
|
| 264 |
|
1 |
|a Boston :
|b Allyn and Bacon,
|c [2003]
|
| 264 |
|
4 |
|c ©2003
|
| 300 |
|
|
|a x, 310 pages :
|b illustrations ;
|c 24 cm.
|
| 336 |
|
|
|a text
|b txt
|2 rdacontent
|
| 337 |
|
|
|a unmediated
|b n
|2 rdamedia
|
| 338 |
|
|
|a volume
|b nc
|2 rdacarrier
|
| 504 |
|
|
|a Includes bibliographical references (pages 280-300) and index.
|
| 650 |
|
0 |
|a Campaign management
|z United States.
|
| 650 |
|
0 |
|a Political campaigns
|z United States.
|
| 650 |
|
0 |
|a Communication in politics
|z United States.
|
| 700 |
1 |
|
|a Cowart, Joseph,
|d 1944-
|
| 948 |
|
|
|a cataloged
|b h
|c 2002/10/22
|d c
|e dmitchel
|f 1:00:00 pm
|
| 994 |
|
|
|a E0
|b TXA
|
| 999 |
|
|
|a MARS
|
| 999 |
f |
f |
|s 7bffae36-9f99-399f-93fa-ef5d012ecb4a
|i 9ca41f1e-efb6-39b7-ac15-5941415b8f5b
|t 0
|
| 952 |
f |
f |
|p ric
|a Texas A&M University
|b Rellis Campus
|c Joint Library Facility
|d Remote Storage
|t 0
|e JK2281 .P684 2003
|h Library of Congress classification
|i unmediated -- volume
|m A14829393419
|
| 998 |
f |
f |
|a JK2281 .P684 2003
|t 0
|l Remote Storage
|